Easy General Knowledge #3 - Statistics

General Stats
  • This quiz has been taken 2,639 times
  • The average score is 7 of 10
Answer Stats
Hint Answer % Correct
Country with the highest population China
98%
First man to walk on the moon Neil Armstrong
93%
WWW Stands for World Wide Web
88%
How many strikes get you out at the old ball game Three
87%
The Airport Code for Los Angeles LAX
75%
In spanish: Pollo Chicken
70%
The Telephone was invented by Alexander Graham Bell
65%
Boyfriend, Mistletoe, As Long As You Love Me Justin Bieber
49%
^Second Buzz Aldrin
43%
Back into the chamber, all my soul was with me burning The Raven
6%
No matching quizzes found
Score Distribution
Percent of People with Each Score
Percentile by Number Answered
Your Score History
You have not taken this quiz